000 00496nam a2200205Ia 4500
008 170918s9999 xx 000 0 und d
020 _a9780764201080
050 _bA374re 2006
100 _aAlexander, Tamera
245 _aRekindled /
245 _cby Tamera Alexander.
260 _aUSA :
260 _bBethany House Publishers,
260 _c2006
300 _a334 pages :
300 _billustrations ;
300 _c21cm.
300 _eFountain creek chronicles ;
440 _a1
999 _c343843
_d343843